000 00527nam a2200181Ia 4500
003 GCL
008 140319s9999 xx 000 0 ara d
040 _aGCL /
_cGCL
082 0 4 _a330.09
_bب م
100 1 _aبويداور، جون
245 1 0 _aمعضلة الرجل الابيض /
_cبويداور، جون
300 _a186 ص
490 _aالالف كتاب
_v0
650 0 4 _aالازمات الاقتصادية
650 0 4 _aالسياسة - تاريخ
650 0 4 _aالزراعة - تاريخ
942 _2ddc
_cBK
999 _c43771
_d43771